000 00701nam a22002537a 4500
001 25380
003 BD-RjUL
005 20211209050854.0
008 140318s1986 enkab||| |||| 001 0 eng d
020 _a0813303826
020 _a0813303834 (pbk.)
035 _a(BD-RjUL)25450
040 _aBD-RjUL
_beng
_cBD-RjUL
041 _aeng
082 0 4 _a951
_bCHI 1986
245 0 0 _aChina briefing, 1985 /
_cedited by John S Major.
260 _aBoulder, CO :
_bWestview Press,
_c1986.
300 _aviii, 134 p. :
_bill., 1 map ;
_c23 cm.
504 _aIncludes index.
651 0 _aChina
_v History
_y1976-
_978033
651 0 _aChina.
_978034
700 1 _aMajor, John S.
_978035
942 _2ddc
_cBK
999 _c25380
_d25380